[Event "Tournoi Skype 032B"]
[Site "Skype"]
[Date "????.??.??"]
[Round "7.2"]
[White "Scata, Laura"]
[Black "Ruiz Aguilera, Juan Jesus"]
[Result "1-0"]
[WhiteElo "1583"]
[BlackElo "1500"]
[PlyCount "95"]

1. d4 Nf6 2. Nf3 g6 3. b3 e6 4. Bb2 Nc6 5. a3 h6 6. e3 Bd6 7. Bd3 O-O 8. O-O b6
9. Nbd2 Bb7 10. e4 Bf4 11. e5 Nd5 12. c4 Nde7 13. Qe2 Rb8 14. Ne4 d5 15. Nf6+
Kh8 16. g3 dxc4 17. bxc4 Bg5 18. Nxg5 Nxd4 19. Bxd4 Qxd4 20. Nf3 Bxf3 21. Qxf3
Rfd8 22. Be2 Qxe5 23. Ng4 Qf5 24. Nxh6 Qxf3 25. Bxf3 Kg7 26. Ng4 Rd3 27. Be2
Rd2 28. Rfe1 f5 29. Ne5 Rbd8 30. Nf3 Rb2 31. Rad1 Rxd1 32. Bxd1 Rb1 33. Kg2 Nc8
34. Ba4 Rxe1 35. Nxe1 Nd6 36. Bb5 Kf6 37. f4 Nxb5 38. cxb5 Ke7 39. Kf2 Kd6 40.
Nd3 c6 41. bxc6 Kxc6 42. Ne5+ Kd5 43. Nxg6 Kd4 44. Ke2 b5 45. Kd2 a5 46. h4 b4
47. axb4 axb4 48. Kc2 1-0

[Event "Tournoi Skype 032B"]
[Site "Skype"]
[Date "????.??.??"]
[Round "7.3"]
[White "Conde, Abigail"]
[Black "Luna Perez Vico, Lorenzo"]
[Result "1-0"]
[WhiteElo "1485"]
[BlackElo "1562"]
[PlyCount "63"]

1. d4 Nf6 2. c4 e6 3. a3 d5 4. c5 Nc6 5. Nf3 a5 6. Nc3 b6 7. cxb6 cxb6 8. Bf4
Ba6 9. h3 h6 10. Rc1 Rc8 11. Qa4 Be7 12. Nb5 O-O 13. e3 Bxb5 14. Qxb5 Na7 15.
Rxc8 Nxc8 16. Bd3 Na7 17. Qb3 Ne4 18. O-O Bd6 19. Bxd6 Qxd6 20. a4 f5 21. Rc1
Rc8 22. Rc2 Rxc2 23. Qxc2 Qd8 24. Ne5 Qc8 25. Qd1 Qe8 26. f3 Nf6 27. e4 fxe4
28. fxe4 dxe4 29. Bc4 Nd5 30. Qg4 g5 31. Qxe4 Kg7 32. Ng4 1-0

[Event "Tournoi Skype 032B"]
[Site "Skype"]
[Date "????.??.??"]
[Round "7.4"]
[White "Battaglia, Gabriele"]
[Black "Yepez, German"]
[Result "1-0"]
[WhiteElo "1535"]
[BlackElo "1476"]
[PlyCount "93"]

1. c4 c6 2. Nc3 d5 3. cxd5 cxd5 4. d4 Nc6 5. Nf3 e6 6. Bg5 Nf6 7. e3 Be7 8. Bb5
a6 9. Bxc6+ bxc6 10. O-O Nh5 11. Bxe7 Qxe7 12. Ne5 Nf6 13. Nxc6 Qb7 14. Qa4 Bd7
15. Na5 Qc7 16. Qa3 Qb6 17. Nb3 Qb7 18. Nc5 Qc8 19. Nxd7 Qxd7 20. Rac1 Ng8 21.
Na4 Ne7 22. Nb6 Qa7 23. Qa4+ Kd8 24. Nxa8 Qxa8 25. Qa5+ Ke8 26. Qc7 f6 27. Rc2
Kf7 28. Rfc1 Re8 29. Qd7 Rd8 30. Qc7 Re8 31. Qb6 Rb8 32. Qd6 Nf5 33. Rc7+ Kg6
34. Qxe6 h5 35. Rc8 h4 36. Rxb8 Qxb8 37. b3 a5 38. Qxd5 Qb4 39. Qc4 Qd2 40. Qc2
Qb4 41. g3 Kh6 42. Qxf5 hxg3 43. hxg3 Qd2 44. Qc2 Qb4 45. Rd1 g6 46. d5 Qd6 47.
Qc6 1-0

[Event "Tournoi Skype 032B"]
[Site "Skype"]
[Date "????.??.??"]
[Round "7.5"]
[White "Parrales, Rodolfo"]
[Black "Ibanez, Bittor"]
[Result "1-0"]
[WhiteElo "1533"]
[BlackElo "1440"]
[PlyCount "33"]

1. e4 e5 2. Bc4 Bc5 3. Nf3 Nc6 4. d4 Bxd4 5. Nxd4 Nxd4 6. Nc3 Nf6 7. O-O c6 8.
a4 a5 9. f4 d5 10. exd5 cxd5 11. Ba2 Bg4 12. Qd3 O-O 13. fxe5 Qb6 14. Be3 Be2
15. Nxe2 Nxe2+ 16. Qxe2 Qxb2 17. exf6 1-0

[Event "Tournoi Skype 032B"]
[Site "Skype"]
[Date "????.??.??"]
[Round "7.6"]
[White "Khatanhar, Mohit"]
[Black "Rivalta, Paolo"]
[Result "1-0"]
[WhiteElo "1515"]
[BlackElo "1499"]
[PlyCount "83"]

1. e4 e5 2. Nf3 d6 3. Bc4 Nc6 4. d4 exd4 5. Nxd4 Nxd4 6. Qxd4 c5 7. Qd5 Qe7 8.
O-O Be6 9. Bb5+ Kd8 10. Qd3 Nf6 11. Re1 a6 12. Bc4 Bxc4 13. Qxc4 b6 14. Bg5 b5
15. Qd3 Qe5 16. Bxf6+ Qxf6 17. Qd5 Rb8 18. e5 Qe6 19. Qxe6 fxe6 20. exd6 Kd7
21. c3 Bxd6 22. Nd2 Rhe8 23. Rad1 Bf8 24. Nf3+ Kc7 25. Ng5 Rb6 26. Nxh7 Be7 27.
f4 c4 28. Ng5 Bxg5 29. fxg5 Rf8 30. Rf1 Rxf1+ 31. Rxf1 g6 32. Rf6 e5 33. Rxb6
Kxb6 34. Kf2 Kc5 35. Ke3 Kd5 36. a3 e4 37. g4 Ke5 38. h4 Ke6 39. Kxe4 a5 40. h5
Kf7 41. Kd5 gxh5 42. gxh5 1-0

[Event "Tournoi Skype 032B"]
[Site "Skype"]
[Date "????.??.??"]
[Round "7.7"]
[White "Capanema, Gleber"]
[Black "Barba Cepeda, Julio Cesar"]
[Result "1-0"]
[WhiteElo "1400"]
[BlackElo "1508"]
[PlyCount "79"]

1. d4 Nf6 2. c4 e6 3. g3 d5 4. Nf3 c5 5. cxd5 Nxd5 6. Bg2 Nd7 7. O-O cxd4 8.
Qxd4 Bc5 9. Qxg7 Qf6 10. Qxf6 N5xf6 11. Nc3 a6 12. Bf4 b6 13. Ne5 Ra7 14. Nxd7
Bxd7 15. Be5 Be7 16. Ne4 Rg8 17. Nxf6+ Bxf6 18. Bxf6 Rg6 19. Bd4 Rc7 20. Bxb6
Rc4 21. e3 Bb5 22. Rfc1 Rgg4 23. Rxc4 Rxc4 24. Bd4 Bc6 25. Bxc6+ Rxc6 26. Kg2
f5 27. a3 Kd7 28. Rd1 Ke7 29. Bc3 Ke8 30. Be5 Ke7 31. Rd3 Ke8 32. Rd6 Rxd6 33.
Bxd6 Kd7 34. Be5 Kc6 35. Kf3 Kd5 36. Bc3 e5 37. h4 h5 38. b4 Ke6 39. e4 fxe4+
40. Kxe4 1-0

[Event "Tournoi Skype 032B"]
[Site "Skype"]
[Date "????.??.??"]
[Round "7.8"]
[White "Codina, Teresa"]
[Black "Ozturk, Ozgur"]
[Result "0-1"]
[WhiteElo "1548"]
[BlackElo "1435"]
[PlyCount "50"]

1. d4 c6 2. Nf3 d5 3. Bf4 Bg4 4. Nbd2 Nf6 5. h3 Bh5 6. e3 e6 7. a3 Ne4 8. Be2
Nf6 9. O-O Bd6 10. Bxd6 Qxd6 11. c4 O-O 12. Rc1 Nbd7 13. b4 b6 14. Bd3 a5 15.
c5 bxc5 16. bxc5 Qc7 17. Qc2 Rfe8 18. Rb1 h6 19. a4 e5 20. dxe5 Nxe5 21. Be2
Bg6 22. e4 Nxe4 23. Nxe5 Qxe5 24. Rbe1 Qg5 25. Nxe4 Bxe4 0-1

[Event "Tournoi Skype 032B"]
[Site "Skype"]
[Date "????.??.??"]
[Round "7.9"]
[White "Malbec, Robert"]
[Black "Busto, Ricardo"]
[Result "0-1"]
[WhiteElo "1503"]
[BlackElo "1585"]
[PlyCount "42"]

1. e4 c6 2. Nc3 d5 3. d4 dxe4 4. Nxe4 Bf5 5. Nc3 e6 6. a3 c5 7. b4 cxd4 8. Nce2
Nc6 9. b5 Qa5+ 10. Qd2 Qxd2+ 11. Bxd2 Nce7 12. Nxd4 Bg6 13. c3 Nf5 14. Nxf5
Bxf5 15. Nf3 h6 16. Be2 Nf6 17. O-O Bd6 18. Rfd1 Bc2 19. Bg5 Bxd1 20. Rxd1 Bxa3
21. h3 hxg5 0-1

[Event "Tournoi Skype 032B"]
[Site "Skype"]
[Date "????.??.??"]
[Round "7.10"]
[White "Jimenez Del Rosario, Alsis Raynely"]
[Black "Huerta Lopez, Cesar Rogelio"]
[Result "1-0"]
[WhiteElo "1515"]
[BlackElo "1498"]
[PlyCount "83"]

1. b3 b6 2. Bb2 Bb7 3. d4 e6 4. e4 Bxe4 5. Qe2 Bb7 6. Nc3 Nf6 7. O-O-O Nc6 8.
d5 Nb4 9. dxe6 Qe7 10. exd7+ Kd8 11. Qxe7+ Bxe7 12. Bb5 c6 13. Bc4 Rf8 14. Kb1
Nxd7 15. Nf3 Kc7 16. Ne4 f6 17. Nd4 Kb8 18. Ne6 Rc8 19. Rxd7 b5 20. Bd3 Nxd3
21. cxd3 Bb4 22. N6c5 Rc7 23. Rd8+ Rc8 24. Nxb7 Kxb7 25. Rd7+ Ka6 26. Rxg7 f5
27. Nf6 Rd8 28. d4 c5 29. a3 cxd4 30. axb4 d3 31. Rd1 Rac8 32. Nxh7 Rc6 33. Rg3
d2 34. Rf3 Re6 35. Re3 Rh6 36. Ng5 Rxh2 37. Rg3 f4 38. Rg4 Rd3 39. Nf3 Rxb3 40.
Nxh2 Rxb4 41. Rg6+ Ka5 42. Rxd2 1-0

[Event "Tournoi Skype 032B"]
[Site "Skype"]
[Date "????.??.??"]
[Round "7.11"]
[White "Guillaume, Mickael"]
[Black "Pouteau, Pascal"]
[Result "1/2-1/2"]
[WhiteElo "1511"]
[BlackElo "1616"]
[PlyCount "120"]

1. d4 d6 2. e4 g6 3. Nf3 Bg7 4. Be3 Bh6 5. Qd2 Bxe3 6. Qxe3 Nf6 7. Nc3 Nc6 8.
Bb5 Bd7 9. Bxc6 Bxc6 10. O-O-O Bd7 11. h3 e6 12. e5 Nh5 13. g4 Ng7 14. h4 Bc6
15. d5 exd5 16. exd6+ Ne6 17. dxc7 Qxc7 18. Nxd5 Qa5 19. Nc3 O-O 20. h5 g5 21.
h6 Rfe8 22. Qe5 Qxe5 23. Nxe5 Bxh1 24. Rxh1 Nf4 25. Nd7 Re6 26. Nc5 Re7 27.
N5e4 Ne2+ 28. Kd2 Nxc3 29. Nxc3 Rd8+ 30. Kc1 Re6 31. b3 Rd4 32. f3 Re3 33. Nb5
Rf4 34. Rd1 Re8 35. Nd6 Rd8 36. Rd3 b6 37. Re3 Rf6 38. Nf5 Kf8 39. a4 Rd5 40.
c4 Rd8 41. Kc2 Re8 42. Rxe8+ Kxe8 43. Kd3 Kd7 44. Kd4 Re6 45. Kd3 Re1 46. Kd2
Rb1 47. Nd4 Rh1 48. Nf5 Ke6 49. Kd3 Ke5 50. Ke3 Re1+ 51. Kd2 Rh1 52. Ke3 Rh2
53. b4 Rb2 54. Nd4 Rb1 55. Nc6+ Kd6 56. Nd8 Ke7 57. Nc6+ Kd7 58. Ne5+ Ke6 59.
Nc6 Rb3+ 60. Ke4 Kd6 1/2-1/2

[Event "Tournoi Skype 032B"]
[Site "Skype"]
[Date "????.??.??"]
[Round "7.12"]
[White "Abate, Luigi"]
[Black "Cockayne, Curtis"]
[Result "0-1"]
[WhiteElo "1506"]
[BlackElo "1615"]
[PlyCount "164"]

1. d4 d5 2. c4 e5 3. Nf3 e4 4. Ng1 c6 5. Bf4 Bd6 6. Nc3 Bxf4 7. e3 Bc7 8. g3
Nf6 9. Bg2 O-O 10. Nge2 Nbd7 11. O-O Nb6 12. b3 dxc4 13. Nxe4 Nxe4 14. Bxe4 Re8
15. Bf3 Bh3 16. Re1 Nd5 17. e4 Nb4 18. a3 Nd3 19. Qc2 Nxe1 20. Rxe1 cxb3 21.
Qxb3 Be6 22. Qxb7 Bd7 23. Qb2 Rb8 24. Qc3 Qf6 25. e5 Qg6 26. Nf4 Qf5 27. Be4
Qg5 28. Qf3 Bg4 29. Qc3 Bf5 30. Bxc6 Rec8 31. d5 Rb1 32. Rxb1 Bxb1 33. Bd7 Rb8
34. Qxc7 Rd8 35. e6 fxe6 36. dxe6 Rf8 37. Bc6 Qd8 38. Nd5 Qxc7 39. Nxc7 Bg6 40.
g4 Rc8 41. Nd5 Rxc6 42. Ne7+ Kf8 43. Nxc6 Ke8 44. f4 Be4 45. Nxa7 g6 46. a4 Ke7
47. a5 Kxe6 48. a6 Kd7 49. Nb5 Bd3 50. a7 Be4 51. Kf2 Bc6 52. Nd4 Bd5 53. f5
gxf5 54. gxf5 Ke7 55. Ke3 Kf6 56. Kf4 Bb7 57. Ne6 h6 58. h4 Bh1 59. h5 Bb7 60.
Nf8 Kg7 61. Ne6+ Kf6 62. Ng7 Kxg7 63. Ke5 Bh1 64. Ke6 Bf3 65. Ke7 Bd5 66. f6+
Kh7 67. f7 Bxf7 68. a8=Q Bxh5 69. Qf8 Kg6 70. Qg7+ Kxg7 71. Kd6 Bf7 72. Ke7 Ba2
73. Kd6 Kg6 74. Ke5 Kg5 75. Kd4 h5 76. Ke3 Kg4 77. Kf2 h4 78. Kg1 Kg3 79. Kh1
h3 80. Kg1 h2+ 81. Kf1 h1=Q+ 82. Ke2 Bc4+ 0-1

[Event "Tournoi Skype 032B"]
[Site "Skype"]
[Date "????.??.??"]
[Round "7.13"]
[White "Duthoit, Bernard"]
[Black "Gomez Caballero, Blas"]
[Result "0-1"]
[WhiteElo "1566"]
[BlackElo "1518"]
[PlyCount "66"]

1. e4 e5 2. Nf3 d6 3. Bc4 Bg4 4. h3 Bxf3 5. Qxf3 Qe7 6. Nc3 f6 7. d3 Nd7 8. Nd5
Qd8 9. O-O Ne7 10. Nxe7 Qxe7 11. Be3 Nc5 12. Bxc5 dxc5 13. c3 O-O-O 14. a3 h5
15. Qe3 g5 16. b4 b6 17. bxc5 Qxc5 18. Qxc5 Bxc5 19. a4 a5 20. Rfd1 Kb8 21. Bb5
h4 22. Rd2 Rhg8 23. Rad1 g4 24. Kh2 g3+ 25. fxg3 hxg3+ 26. Kh1 Be3 27. Re2 Bh6
28. Bc4 Rgf8 29. d4 f5 30. Rd3 f4 31. dxe5 Rxd3 32. Bxd3 f3 33. Rf2 gxf2 0-1

[Event "Tournoi Skype 032B"]
[Site "Skype"]
[Date "????.??.??"]
[Round "7.14"]
[White "Castanha, Marco"]
[Black "De Coninck, Philippe"]
[Result "1-0"]
[WhiteElo "1547"]
[BlackElo "1510"]
[PlyCount "71"]

1. e4 e5 2. Nf3 Nc6 3. Bc4 Bc5 4. d3 Nf6 5. O-O d5 6. exd5 Nxd5 7. Re1 Bg4 8.
Nbd2 O-O 9. c3 Nf6 10. h3 Bh5 11. Nf1 Re8 12. Ng3 Bxf3 13. Qxf3 a6 14. Nf5 Bf8
15. Ng3 Qd7 16. Bg5 Be7 17. Bxf6 Bxf6 18. Nh5 Bd8 19. Bb3 g6 20. Ng3 Kg7 21.
Rad1 Rb8 22. Ne4 b6 23. Ba4 f5 24. Ng3 b5 25. Bb3 Rb6 26. Qe3 f4 27. Nh5+ gxh5
28. Qe4 Bf6 29. d4 Qe7 30. Bc2 Kh8 31. Qf5 Qg7 32. Qxh5 Rg8 33. Qf3 exd4 34.
Bb3 Rd8 35. Qxf4 dxc3 36. Rxd8+ 1-0

[Event "Tournoi Skype 032B"]
[Site "Skype"]
[Date "????.??.??"]
[Round "7.16"]
[White "Hernandez, Enrique"]
[Black "Bendre, Nilesh"]
[Result "1-0"]
[WhiteElo "1543"]
[BlackElo "1400"]
[PlyCount "31"]

1. d4 d5 2. c4 e6 3. a3 Nc6 4. Nf3 Nf6 5. Nc3 Be7 6. Bf4 O-O 7. e3 Re8 8. Bd3
h6 9. Qc2 Na5 10. Bxh6 gxh6 11. h4 Kh8 12. g4 Nxg4 13. Ng5 hxg5 14. hxg5+ Kg8
15. Be2 c5 16. Qh7+ 1-0

[Event "Tournoi Skype 032B"]
[Site "Skype"]
[Date "????.??.??"]
[Round "7.17"]
[White "Ruiz Gomez, Luz Alba"]
[Black "Mira Poveda, Jose Antonio"]
[Result "0-1"]
[WhiteElo "1472"]
[BlackElo "1542"]
[PlyCount "102"]

1. d4 d5 2. Bf4 e6 3. e3 Nf6 4. Nd2 Bd6 5. Bg3 O-O 6. Ngf3 Nc6 7. c3 Re8 8. Ne5
Nd7 9. f4 f6 10. Nxc6 bxc6 11. Be2 e5 12. fxe5 fxe5 13. e4 exd4 14. cxd4 dxe4
15. O-O Bxg3 16. Qb3+ Kh8 17. hxg3 Nf6 18. Qc4 Qd6 19. Rf4 Be6 20. Qc3 Nd5 21.
Nxe4 Nxc3 22. Nxd6 Nxe2+ 23. Kf2 Nxf4 24. Nxe8 Rxe8 25. gxf4 Bg4 26. Rc1 Re2+
27. Kg3 Bd7 28. Rb1 Rd2 29. Re1 Rxd4 30. Re7 h5 31. a3 Rd3+ 32. Kf2 c5 33. Re5
c4 34. Rxh5+ Kg8 35. Rc5 Rd2+ 36. Ke3 Rxb2 37. Rxc4 c6 38. g3 Rb3+ 39. Kf2 Rxa3
40. Rd4 Ra2+ 41. Kf3 Bh3 42. Rc4 Bg2+ 43. Kg4 a5 44. Rc1 a4 45. Rc5 Ra1 46. Ra5
a3 47. Ra7 a2 48. Kg5 Bd5 49. f5 Rf1 50. Kg6 a1=Q 51. Rf7 Bxf7+ 0-1

[Event "Tournoi Skype 032B"]
[Site "Skype"]
[Date "????.??.??"]
[Round "7.18"]
[White "Tolaro, Filippa"]
[Black "Rodriguez, Nathalie"]
[Result "0-1"]
[WhiteElo "1400"]
[BlackElo "1537"]
[PlyCount "60"]

1. Nf3 d5 2. d4 Nf6 3. b3 Bf5 4. Bb2 Nc6 5. e3 Nb4 6. Bd3 Nxd3+ 7. cxd3 e6 8.
e4 dxe4 9. dxe4 Nxe4 10. O-O Be7 11. Nbd2 Nxd2 12. Qxd2 h6 13. Rad1 O-O 14. Ne5
Qd5 15. h3 Rad8 16. f4 f6 17. Nc4 Be4 18. Ne3 Qc6 19. f5 exf5 20. Nxf5 Bxf5 21.
Rxf5 Rd6 22. d5 Qd7 23. Rf3 Rxd5 24. Rd3 Rd8 25. Rd4 Bc5 26. Kh2 Bxd4 27. Bxd4
Rxd4 28. Qxd4 Qxd4 29. Rxd4 Rxd4 30. g4 Rd2+ 0-1

[Event "Tournoi Skype 032B"]
[Site "Skype"]
[Date "????.??.??"]
[Round "7.19"]
[White "Le Bouill, Pierre"]
[Black "Linares Vernet, Ana"]
[Result "1-0"]
[WhiteElo "1534"]
[BlackElo "1485"]
[PlyCount "77"]

1. Nf3 Nf6 2. d4 e6 3. c3 d5 4. h3 Bd6 5. e3 Nbd7 6. Bd3 c6 7. O-O O-O 8. Nbd2
e5 9. e4 dxe4 10. Nxe4 Nxe4 11. Bxe4 Bc7 12. Qc2 g6 13. Bg5 Qe8 14. Bh6 exd4
15. Nxd4 Be5 16. Bxf8 Nxf8 17. Rfe1 Qd8 18. Nf3 Bg7 19. Rad1 Nd7 20. Qd2 Bf6
21. Bc2 Kg7 22. Re4 h6 23. Nh2 Bg5 24. Qe2 Qb6 25. Bb3 Nc5 26. Rc4 Be6 27. Qe5+
Bf6 28. Qxc5 Bxc4 29. Qxb6 axb6 30. Bxc4 b5 31. Bb3 Rd8 32. Rxd8 Bxd8 33. Nf3
Kf6 34. Kf1 Bc7 35. Ke2 c5 36. Nd2 b6 37. Kf3 Bf4 38. Ne4+ Kg7 39. Kxf4 1-0

[Event "Tournoi Skype 032B"]
[Site "Skype"]
[Date "????.??.??"]
[Round "7.20"]
[White "Marin Gomez, Ian Javier"]
[Black "Valmalette, Alain"]
[Result "1-0"]
[WhiteElo "1442"]
[BlackElo "1513"]
[PlyCount "47"]

1. e4 e5 2. Nf3 Nc6 3. Bc4 h6 4. O-O Nf6 5. d3 Bc5 6. Nc3 O-O 7. Be3 b6 8. d4
exd4 9. Nxd4 Bb7 10. Qd2 Re8 11. Nf5 Nxe4 12. Nxe4 Rxe4 13. Bxh6 Rxc4 14. Bxg7
Rg4 15. Qh6 f6 16. Rfe1 Rg5 17. Bxf6 Bxf2+ 18. Kh1 Qf8 19. Qxg5+ Kf7 20. Re2
Bd4 21. Bxd4 Re8 22. Rae1 Ne7 23. Rxe7+ Rxe7 24. Rxe7+ 1-0

[Event "Tournoi Skype 032B"]
[Site "Skype"]
[Date "????.??.??"]
[Round "7.21"]
[White "Schuh, David"]
[Black "Sauvaget, Joel"]
[Result "0-1"]
[WhiteElo "1422"]
[BlackElo "1553"]
[PlyCount "88"]

1. d4 d5 2. Nc3 c6 3. Bf4 Nf6 4. e3 e6 5. Nf3 h6 6. Bd3 Be7 7. O-O O-O 8. e4
dxe4 9. Nxe4 Nd5 10. Bg3 Nd7 11. c3 N7f6 12. Qc2 Bd7 13. Ne5 Be8 14. Rfe1 Nd7
15. a4 Bf6 16. Nxf6+ N5xf6 17. h3 Nxe5 18. dxe5 Nd5 19. c4 Nc7 20. b4 a6 21. a5
Bd7 22. Rab1 Ne8 23. b5 axb5 24. cxb5 cxb5 25. Bxb5 Bxb5 26. Rxb5 Rb8 27. Qc4
Nc7 28. Rxb7 Rxb7 29. Bh4 Qb8 30. a6 Ra7 31. Be7 Rc8 32. Rd1 Nxa6 33. Qd3 Rxe7
34. Qxa6 Ree8 35. Rd7 Rf8 36. Rb7 Qxe5 37. Rd7 Rc1+ 38. Qf1 Rxf1+ 39. Kxf1 Qh2
40. Ke2 Qxg2 41. h4 Qg4+ 42. Ke3 Qxh4 43. f3 e5 44. Ke2 Rb8 0-1

[Event "Tournoi Skype 032B"]
[Site "Skype"]
[Date "????.??.??"]
[Round "7.22"]
[White "Gomez Zuluaga, Jorge Adiel"]
[Black "Vincent, Andre"]
[Result "1-0"]
[WhiteElo "1468"]
[BlackElo "1533"]
[PlyCount "69"]

1. d4 Nf6 2. c3 d5 3. Nf3 e6 4. Nbd2 c5 5. e3 Nc6 6. Bb5 a6 7. Bxc6+ bxc6 8.
Ne5 Qc7 9. Qf3 Bb7 10. Qg3 Rc8 11. h4 cxd4 12. exd4 c5 13. Nd3 Qxg3 14. fxg3
cxd4 15. cxd4 Bd6 16. Ne5 h5 17. Ndf3 Ne4 18. Bf4 Bb4+ 19. Nd2 Rc2 20. Nef3
Rxb2 21. Ke2 Nc3+ 22. Kd3 Nxa2 23. Rhb1 Rxb1 24. Nxb1 Nc1+ 25. Bxc1 a5 26. Bd2
Ba6+ 27. Ke3 Bc4 28. Bxb4 f6 29. Rxa5 Kf7 30. Nbd2 Rc8 31. Rc5 Rxc5 32. dxc5
Ba6 33. Nd4 g5 34. hxg5 fxg5 35. Kf2 1-0

[Event "Tournoi Skype 032B"]
[Site "Skype"]
[Date "????.??.??"]
[Round "7.24"]
[White "Gerbaux, Regis"]
[Black "Bland, Marilyn"]
[Result "1/2-1/2"]
[WhiteElo "1400"]
[BlackElo "1468"]
[PlyCount "52"]

1. e4 d6 2. d4 e6 3. Nf3 Nf6 4. Bd3 g6 5. O-O Bg7 6. c3 O-O 7. Nbd2 b6 8. e5
Nh5 9. b3 Nf4 10. Bc2 Bb7 11. Re1 Nd7 12. exd6 cxd6 13. Ne4 Nf6 14. Bxf4 Nd5
15. Bd2 Rc8 16. c4 Nf6 17. Rc1 a5 18. Nxf6+ Bxf6 19. a4 Bxf3 20. Qxf3 Bxd4 21.
Bc3 Bg7 22. Bxg7 Kxg7 23. Rcd1 Rc5 24. Qg3 Rh5 25. Rxd6 Qc7 26. Rd3 Qxg3
1/2-1/2

[Event "Tournoi Skype 032B"]
[Site "Skype"]
[Date "????.??.??"]
[Round "7.25"]
[White "Prieto Umba, Jairo Ovidio"]
[Black "Viatge, Fabrice"]
[Result "1/2-1/2"]
[WhiteElo "1582"]
[BlackElo "1400"]
[PlyCount "42"]

1. d4 c5 2. Be3 cxd4 3. Bxd4 Nc6 4. Bc3 d5 5. e3 Bf5 6. Nf3 e6 7. Be2 Nf6 8. b3
Be7 9. O-O O-O 10. Nbd2 Rc8 11. Nh4 Bg6 12. Nxg6 fxg6 13. Nf3 Ne4 14. Bb2 Bf6
15. Bd4 Nxd4 16. exd4 Qc7 17. c4 Nc3 18. Qd3 Nxe2+ 19. Qxe2 Rfe8 20. Rac1 Qe7
21. Rfe1 Rc6 1/2-1/2

[Event "Tournoi Skype 032B"]
[Site "Skype"]
[Date "????.??.??"]
[Round "7.26"]
[White "Achicanoy, Yolanda"]
[Black "Crocioni, Luca"]
[Result "0-1"]
[WhiteElo "1443"]
[BlackElo "1566"]
[PlyCount "78"]

1. e4 d5 2. Bd3 Nf6 3. Nf3 dxe4 4. Bxe4 Nxe4 5. d3 Nc5 6. d4 Ne4 7. O-O e6 8.
Re1 Nd6 9. c3 Be7 10. Nbd2 Nd7 11. h3 Nf6 12. Nb3 Nc4 13. Bf4 Bd6 14. Bg3 Nxb2
15. Qd2 Nc4 16. Qd3 b5 17. a4 c6 18. Bh4 O-O 19. Ng5 Qc7 20. Bg3 Bxg3 21. fxg3
Nb2 22. Qc2 Nxa4 23. Qd3 h6 24. Nf3 a5 25. g4 Ba6 26. g5 hxg5 27. Nxg5 b4 28.
c4 Nc3 29. Nf3 Rfd8 30. h4 c5 31. d5 Nfxd5 32. Ng5 Nf6 33. Rxe6 Rxd3 34. Ree1
Bxc4 35. Nc1 Qg3 36. Nxd3 Qxd3 37. Nh3 Ng4 38. Re7 Qg3 39. Rd7 Qh2# 0-1

[Event "Tournoi Skype 032B"]
[Site "Skype"]
[Date "????.??.??"]
[Round "7.27"]
[White "Ponz Lazaro, Ruperto"]
[Black "Skura, Simone"]
[Result "0-1"]
[WhiteElo "1558"]
[BlackElo "1441"]
[PlyCount "52"]

1. d4 d5 2. Nf3 Nc6 3. e3 Nf6 4. Bd3 Bg4 5. Nbd2 e5 6. dxe5 Nxe5 7. Be2 Bxf3 8.
Nxf3 Bd6 9. c3 O-O 10. O-O Re8 11. Qb3 Qc8 12. Qc2 Nxf3+ 13. Bxf3 c5 14. Rd1
Qc6 15. b3 Be5 16. Bb2 Qd6 17. g3 Qc6 18. Rac1 Rad8 19. c4 Bxb2 20. Qxb2 Ne4
21. Qc2 d4 22. exd4 cxd4 23. Qd3 Rd7 24. Re1 f5 25. g4 Qg6 26. Kh1 Nxf2+ 0-1

[Event "Tournoi Skype 032B"]
[Site "Skype"]
[Date "????.??.??"]
[Round "7.28"]
[White "Hernandez Monzon, Alejandro"]
[Black "Bledsoe, Megan"]
[Result "1-0"]
[WhiteElo "1552"]
[BlackElo "1436"]
[PlyCount "47"]

1. e4 e6 2. b3 d5 3. e5 c5 4. Bb2 d4 5. Nf3 Nc6 6. c3 g6 7. Bb5 Bd7 8. Bxc6
Bxc6 9. O-O d3 10. c4 b5 11. cxb5 Bxb5 12. Nc3 a6 13. Ng5 Qxg5 14. Rc1 c4 15.
f4 Qd8 16. Ne4 Bg7 17. bxc4 Qb6+ 18. c5 Qa5 19. Nd6+ Kf8 20. c6 Ba4 21. Qf3
Qb6+ 22. Kh1 Qxb2 23. c7 Ne7 24. Qxa8+ 1-0

[Event "Tournoi Skype 032B"]
[Site "Skype"]
[Date "????.??.??"]
[Round "7.29"]
[White "Borg, Anthony"]
[Black "Diaz Yara, Jose Mauricio"]
[Result "0-1"]
[WhiteElo "1548"]
[BlackElo "1435"]
[PlyCount "38"]

1. d4 d5 2. e3 Nf6 3. c4 c6 4. Nc3 e6 5. Nf3 Bd6 6. cxd5 exd5 7. Bd3 O-O 8. h3
Ne4 9. Nxe4 dxe4 10. Bxe4 Nd7 11. O-O f5 12. Bd3 Nf6 13. Re1 Ng4 14. hxg4 fxg4
15. Nd2 Qh4 16. Nf1 Qxf2+ 17. Kh1 Rf6 18. Qe2 Rh6+ 19. Nh2 Rxh2# 0-1

[Event "Tournoi Skype 032B"]
[Site "Skype"]
[Date "????.??.??"]
[Round "7.30"]
[White "Lai, Mattia"]
[Black "Guevara, Lizbeth"]
[Result "1-0"]
[WhiteElo "1424"]
[BlackElo "1534"]
[PlyCount "79"]

1. d4 Nf6 2. Nf3 d5 3. c4 c6 4. Nc3 Bf5 5. Bf4 Nbd7 6. e3 e6 7. Be2 Qb6 8. Qc1
Be7 9. Na4 Qb4+ 10. Nc3 dxc4 11. O-O O-O 12. a3 Qa5 13. Bxc4 Nh5 14. Re1 Nxf4
15. exf4 Qc7 16. d5 Nc5 17. dxe6 Bd6 18. exf7+ Kh8 19. Qe3 Bxf4 20. Qxc5 Bg4
21. Ng5 Bxh2+ 22. Kf1 h5 23. Nce4 b6 24. Qd4 Rad8 25. Qe3 Bf4 26. Qc3 a6 27.
Nf6 b5 28. Nfh7 bxc4 29. Nxf8 Bxg5 30. Ng6+ Kh7 31. Ne5 Be6 32. Qc2+ Kh8 33.
Ng6+ Kh7 34. Rxe6 Qxf7 35. Ne5+ Kg8 36. Nxf7 Kxf7 37. Qg6+ Kg8 38. Qxg5 Rd3 39.
Re8+ Kf7 40. Rae1 1-0

[Event "Tournoi Skype 032B"]
[Site "Skype"]
[Date "????.??.??"]
[Round "7.31"]
[White "Radice, Marco"]
[Black "Bolanos Ocampo, Sandra"]
[Result "1-0"]
[WhiteElo "1534"]
[BlackElo "1423"]
[PlyCount "73"]

1. d4 d5 2. Nf3 Bf5 3. g3 Nf6 4. Bg2 e6 5. O-O h6 6. c4 c6 7. Nc3 Be7 8. Nd2
O-O 9. Re1 Nbd7 10. e4 Bg4 11. Qb3 Qc7 12. exd5 cxd5 13. cxd5 e5 14. Nc4 Bd8
15. dxe5 Nh5 16. e6 fxe6 17. dxe6 Ndf6 18. Nd2 Re8 19. e7+ Kh7 20. Qc2+ g6 21.
Nde4 Ng8 22. exd8=Q Raxd8 23. b3 Ne7 24. Bb2 Nf5 25. Rac1 Rf8 26. Nb5 Qa5 27.
Qc7+ Qxc7 28. Rxc7+ Nfg7 29. Bxg7 Nxg7 30. Rxb7 Bd7 31. Nbd6 Bc6 32. Rxa7 Bd7
33. h4 Ne6 34. Re3 Kg7 35. Bh3 Rh8 36. Bxe6 Kf8 37. Rxd7 1-0

[Event "Tournoi Skype 032B"]
[Site "Skype"]
[Date "????.??.??"]
[Round "7.32"]
[White "Alarcon Alarcon, Marina"]
[Black "De Souza, Luciano"]
[Result "1/2-1/2"]
[WhiteElo "1527"]
[BlackElo "1407"]
[PlyCount "86"]

1. Nf3 d5 2. d4 g6 3. g3 Bg7 4. Bg2 c5 5. c3 cxd4 6. Nxd4 Nc6 7. Nxc6 bxc6 8.
Be3 Nf6 9. Nd2 O-O 10. O-O a5 11. Nf3 a4 12. Rc1 Qa5 13. Nd4 c5 14. Nc6 Qc7 15.
Bxd5 Nxd5 16. Qxd5 Bb7 17. Nxe7+ Kh8 18. Qxc5 Qxc5 19. Bxc5 Rfe8 20. e3 Bf6 21.
Nxg6+ hxg6 22. Bd4 Re6 23. Rfd1 Bf3 24. Rd2 Kh7 25. Bxf6 Rxf6 26. b3 axb3 27.
axb3 Rc6 28. c4 Rb6 29. Rb2 Bc6 30. b4 Rc8 31. h3 Bd7 32. h4 f6 33. c5 Rb5 34.
Rd1 Rb7 35. Rd5 Bc6 36. Rd6 Kg7 37. h5 gxh5 38. f4 Be4 39. Kf2 Kg6 40. Rd4 Kf5
41. Rd6 Kg6 42. Rd4 Kf5 43. Rd6 Kg6 1/2-1/2

[Event "Tournoi Skype 032B"]
[Site "Skype"]
[Date "????.??.??"]
[Round "7.33"]
[White "Martin Fernandez, Enrique"]
[Black "Hernandez, Ivan"]
[Result "1-0"]
[WhiteElo "1513"]
[BlackElo "1413"]
[PlyCount "65"]

1. e4 c5 2. Nc3 g6 3. f4 d6 4. Bc4 Bg7 5. Nf3 Nf6 6. d3 O-O 7. O-O Nbd7 8. Qe1
a6 9. Qh4 b5 10. Bb3 e5 11. f5 Nh5 12. Bg5 Ndf6 13. g4 Qb6 14. Kh1 Nf4 15. Bxf6
Bxf6 16. Qxf6 Qc7 17. Qh4 c4 18. Ng5 h5 19. gxh5 Nxh5 20. fxg6 fxg6 21. Rxf8+
Kxf8 22. Rf1+ Ke8 23. Nd5 Qd8 24. Nf6+ Ke7 25. Nxh5 cxb3 26. Nf7+ Kd7 27. Qxd8+
Kc6 28. Qxd6+ Kb7 29. axb3 a5 30. Nxe5 Ra6 31. Rf7+ Ka8 32. Qc7 Ra7 33. Qxc8#
1-0

[Event "Tournoi Skype 032B"]
[Site "Skype"]
[Date "????.??.??"]
[Round "7.36"]
[White "Munera Garcia, Lina Marcela"]
[Black "Podesta, Javier"]
[Result "1-0"]
[WhiteElo "1478"]
[BlackElo "1400"]
[PlyCount "56"]

1. e4 c5 2. Nf3 d6 3. d4 b6 4. Bd3 g6 5. Be3 Bg7 6. Nbd2 cxd4 7. Nxd4 Bxd4 8.
Bxd4 e5 9. Bc3 Nf6 10. O-O O-O 11. f4 exf4 12. Rxf4 Nh5 13. Rf2 Nd7 14. Qf3
Nhf6 15. e5 Nxe5 16. Qxa8 Nxd3 17. cxd3 Bf5 18. Qxa7 Qd7 19. Qxb6 Ng4 20. Qd4
f6 21. Rf3 Ne5 22. Qd5+ Be6 23. Qe4 Nxf3+ 24. Qxf3 d5 25. Bxf6 Bf5 26. Bd4 Qe6
27. Nf1 Bg4 28. Qg3 Qf7 1-0